Flaggen ohne Symbole #2 - Statistiken

Allgemein
  • Dieses Quiz wurde 45 mal gespielt
  • Das Durchschnittsergebnis liegt bei 10 aus 12
Antwortstatistiken
Bildquiz Antwort % Korrekt
Nepal
100%
Indien
98%
Bhutan
90%
Israel
88%
Kasachstan
85%
San Marino
85%
Nordkorea
78%
Guatemala
73%
Montenegro
73%
Mosambik
73%
Dominikanische Republik
70%
Malawi
45%
Keine übereinstimmenden Quizze gefunden
Verteilung der Resultate
Anzahl Personen mit jedem Resultat
Perzentil nach korrekt beantworteten Fragen
Ihre Resultats-Entwicklung
Sie haben dieses Quiz noch nicht gespielt